University Home | Library Home | Institutional Repository

Die stamme van die distrikte Lichtenburg en Delareyville / (Record no. 61316)

MARC details
000 -LEADER
fixed length control field 01500cam1a220032501 4500
001 - CONTROL NUMBER
control field lcf01132226
005 - DATE AND TIME OF LATEST TRANSACTION
control field 20190815095544.0
008 - FIXED-LENGTH DATA ELEMENTS--GENERAL INFORMATION
fixed length control field 881128s1957 sa a f001 0 afr
010 ## - LIBRARY OF CONGRESS CONTROL NUMBER
LC control number 88205343
035 ## - SYSTEM CONTROL NUMBER
System control number (Sirsi) r32429
035 ## - SYSTEM CONTROL NUMBER
System control number (DLC) 88205343
035 ## - SYSTEM CONTROL NUMBER
System control number (UPRA)lcf01132226
040 ## - CATALOGING SOURCE
Original cataloging agency DLC
Transcribing agency DLC
Modifying agency DLC
041 0# - LANGUAGE CODE
Language code of text/sound track or separate title afr eng
Language code of summary or abstract afr eng
043 ## - GEOGRAPHIC AREA CODE
Geographic area code f-sa---
050 00 - LIBRARY OF CONGRESS CALL NUMBER
Classification number GN656
Item number .B74 1957
100 1# - MAIN ENTRY--PERSONAL NAME
Personal name Breutz, P. L.
Linkage A49762.1
245 14 - TITLE STATEMENT
Title Die stamme van die distrikte Lichtenburg en Delareyville /
Statement of responsibility, etc. deur P.-L. Breutz.
260 ## - PUBLICATION, DISTRIBUTION, ETC.
Place of publication, distribution, etc. Pretoria :
Name of publisher, distributor, etc. Staatsdrukker,
Date of publication, distribution, etc. [1957]
440 #0 - SERIES STATEMENT/ADDED ENTRY--TITLE
Title Ethnologiese reeks ;
Volume/sequential designation nr. 37
Linkage S14573.1
500 ## - GENERAL NOTE
General note Summary in English.
500 ## - GENERAL NOTE
General note Includes indexes.
504 ## - BIBLIOGRAPHY, ETC. NOTE
Bibliography, etc. note Bibliography: p. 57-58.
650 #0 - SUBJECT ADDED ENTRY--TOPICAL TERM
Topical term or geographic name entry element Ethnology -- South Africa -- Lichtenburg (District)
Geographic subdivision Ethnology -- South Africa -- Lichtenburg (District)
-- Ethnology -- South Africa -- Lichtenburg (District)
Linkage S69599.1
650 #0 - SUBJECT ADDED ENTRY--TOPICAL TERM
Topical term or geographic name entry element Ethnology -- South Africa -- Delareyville (District)
Geographic subdivision Ethnology -- South Africa -- Delareyville (District)
-- Ethnology -- South Africa -- Delareyville (District)
Linkage S69600.1
651 #0 - SUBJECT ADDED ENTRY--GEOGRAPHIC NAME
Geographic name Lichtenburg (South Africa : District) -- Social conditions.
General subdivision Lichtenburg (South Africa : District) -- Social conditions.
Linkage S69601.1
651 #0 - SUBJECT ADDED ENTRY--GEOGRAPHIC NAME
Geographic name Delareyville (South Africa : District) -- Social conditions.
General subdivision Delareyville (South Africa : District) -- Social conditions.
Linkage S69602.1
949 ## - LOCAL PROCESSING INFORMATION (OCLC)
a GN656
w lcc
i -37327
m MAIN
t BOOK
l ON-SHELF

No items available.

© 2026 - The University of Zambia Library - Koha v25.11